Chemical Bonds: A Dialog /

Guardado en:
Detalles Bibliográficos
Autor principal: Burdett, Jeremy K (Autor)
Formato: Libro
Lenguaje:inglés
Publicado: Chichester : John Wiley & Sons, 1997
Colección:Inorganic Chemistry. A Textbook Series
Etiquetas: Agregar Etiqueta
Sin Etiquetas, Sea el primero en etiquetar este registro!

MARC

LEADER 00000nam a22000003a 4500
001 stu24656
005 20190206124501.1
008 970804s1997----uk------------------eng-d
020 |a 0-471-97130-8 
040 |a STU  |b slo 
041 0 |a eng 
044 |a uk 
080 |a 541.57 
100 1 |a Burdett, Jeremy K  |4 aut 
245 1 |a Chemical Bonds: A Dialog /  |c [aut.]Burdett,Jeremy K 
260 |a Chichester :  |b John Wiley & Sons,  |c 1997 
300 |a 166 s :  |b Grafy,lit.,index 
830 0 |a Inorganic Chemistry. A Textbook Series 
996 |b C94929  |c C*94929  |l CCIII  |s P  |a 0  |w stu24656_0001